Property searches (Record no. 104648)

MARC details
000 -LEADER
fixed length control field 01214cam a2200193 4500
001 - CONTROL NUMBER
control field ##L131148
008 - FIXED-LENGTH DATA ELEMENTS--GENERAL INFORMATION
fixed length control field 051004n2005 000 0 eng u
035 ## - SYSTEM CONTROL NUMBER
System control number (Sirsi) u131148
041 0# - LANGUAGE CODE
Language code of text/sound track or separate title eng
050 04 - LIBRARY OF CONGRESS CALL NUMBER
Classification number 346.410438 $2 18
110 1# - MAIN ENTRY--CORPORATE NAME
Corporate name or jurisdiction name as entry element United Kingdom
Subordinate unit Office of Fair Trading
9 (RLIN) 4767
245 00 - TITLE STATEMENT
Title Property searches
Remainder of title a market study
260 ## - PUBLICATION, DISTRIBUTION, ETC.
Place of publication, distribution, etc. London
Name of publisher, distributor, etc. OFT
Date of publication, distribution, etc. 2005
520 ## - SUMMARY, ETC.
Summary, etc. This new OFT study looks at how well the market for property searches is serving consumers. It identifies concerns about limits on the availability of some property information, the potential for competition concerns in the retailing of property searches in the future and the level of consumer awareness about property searches. The study recommends changes to how much property information local authorities make publicly available, removing restrictions on the retailing of property searches and information campaigns to improve public understanding of property searches.
590 ## - LOCAL NOTE (RLIN)
Local note IKA111005
690 ## - LOCAL SUBJECT ADDED ENTRY--TOPICAL TERM (OCLC, RLIN)
Topical term or geographic name as entry element PROPERTY-PROPERTY ACQUISITION AND DISPOSAL-CONVEYANCING
856 40 - ELECTRONIC LOCATION AND ACCESS
Uniform Resource Identifier <a href="https://www.oft.gov.uk/shared_oft/reports/consumer_protection/oft810.pdf">https://www.oft.gov.uk/shared_oft/reports/consumer_protection/oft810.pdf</a>
Public note View the OFT study free of charge at www.oft.gov.uk...
942 ## - ADDED ENTRY ELEMENTS (KOHA)
Suppress in OPAC 0
Holdings
Withdrawn status Lost status Source of classification or shelving scheme Damaged status Not for loan Home library Current library Shelving location Date acquired Total Checkouts Full call number Barcode Date last seen Copy number Price effective from Koha item type
    Dewey Decimal Classification     Virtual Virtual Online 04/10/2005   ONLINE PUBLICATION 131148-2001 06/08/2019 1 06/08/2019 Book